| 000 | 00551cam a22001934a 4500 | ||
|---|---|---|---|
| 001 | sa 65001342 | ||
| 003 | DLC | ||
| 005 | 20260227112109.0 | ||
| 008 | 840917s1956 ii a j 000 0 hino | ||
| 010 | _asa 65001342 | ||
| 040 |
_aDLC _cDLC |
||
| 050 | 0 | 0 |
_aQL791 _b.V5 1956 |
| 100 | 0 |
_aVirāja, _cEma. E. |
|
| 245 | 1 | 0 |
_aVanarāja ke rāja meṃ / _clekhaka, Virāja. |
| 260 |
_aDillī : _bĀtmārāma eṇḍa Saṃsa, _c1956. |
||
| 300 |
_a2, 191 p. : _bill. ; _c23 cm. |
||
| 500 | _a"Sacitra." | ||
| 650 | 0 |
_aAnimals _vAnecdotes _vJuvenile literature. |
|
| 999 |
_c62024 _d62024 |
||